[Event "Sunnyvale 1000 GM Winter 12"]
[Site "Sunnyvale"]
[Date "2023.12.28"]
[Round "5"]
[White "Nagy, Gabor"]
[Black "Vemparala, Nikash"]
[Result "1-0"]
[WhiteElo "2447"]
[BlackElo "2192"]
[PlyCount "47"]
[EventDate "2023.12.26"]
[EventType "schev"]
[EventRounds "9"]
[EventCountry "USA"]
[SourceTitle "CB01_2024"]
[SourceDate "2024.01.03"]
[SourceVersion "1"]
[SourceVersionDate "2024.01.03"]
[SourceQuality "1"]

1. d4 d5 2. c4 e6 3. Nc3 h6 4. Nf3 Nf6 5. e3 a6 6. a3 dxc4 7. Bxc4 b5 8. Ba2 Bb7 9. 0-0 c5 10. Qe2 Nbd7 11. Rd1 Qb6 12. e4 cxd4 13. Nxd4 Bc5 14. Be3 0-0 15. b4 Bxd4 16. Bxd4 Qc6 17. Rac1 e5 18. Be3 Nxe4 19. Nd5 Qd6 20. f3 Ng5 21. h4 Nh7 22. Nb6 Ng5 23. Nd5 Nh7 24. Nb6 1-0

[Event "Sunnyvale 1000 GM Winter 12"]
[Site "Sunnyvale"]
[Date "2023.12.26"]
[Round "1"]
[White "Miezis, Normunds"]
[Black "Vemparala, Nikash"]
[Result "1-0"]
[WhiteElo "2422"]
[BlackElo "2192"]
[PlyCount "93"]
[EventDate "2023.12.26"]
[EventType "schev"]
[EventRounds "9"]
[EventCountry "USA"]
[SourceTitle "CB01_2024"]
[SourceDate "2024.01.03"]
[SourceVersion "1"]
[SourceVersionDate "2024.01.03"]
[SourceQuality "1"]

1. c4 e6 2. e4 d5 3. exd5 exd5 4. d4 Bb4+ 5. Nc3 Nf6 6. Bd3 0-0 7. Nge2 dxc4 8. Bxc4 c5 9. 0-0 cxd4 10. Nxd4 Nbd7 11. Bf4 Nb6 12. Bb3 Bxc3 13. bxc3 Nbd5 14. Be5 Ng4 15. Re1 Nxe5 16. Rxe5 Nf6 17. Qf3 Qb6 18. Rae1 Bd7 19. h3 Rac8 20. R1e3 h6 21. Nf5 Bxf5 22. Qxf5 Qc6 23. Re7 Rce8 24. Qg6 Rxe7 25. Rxe7 Qxc3 26. Bxf7+ Kh8 27. Bb3 Qc1+ 28. Kh2 Qf4+ 29. Qg3 Qxg3+ 30. Kxg3 Rb8 31. Kf4 a5 32. Kf5 Kh7 33. g4 b5 34. Bf7 b4 35. Bg6+ Kh8 36. Ra7 b3 37. axb3 Rxb3 38. Ra8+ Ng8 39. f4 Rb6 40. g5 hxg5 41. fxg5 Rb5+ 42. Kg4 Rb4+ 43. Kh5 Rf4 44. Bc2 Rf3 45. Be4 Rxh3+ 46. Kg6 Rb3 47. Kf7 1-0

[Event "Chesterfield SPICE Cup op"]
[Site "Chesterfield"]
[Date "2023.12.19"]
[Round "4"]
[White "Vemparala, Nikash"]
[Black "Lou, Yiping"]
[Result "0-1"]
[WhiteElo "2192"]
[BlackElo "2454"]
[PlyCount "96"]
[EventDate "2023.12.17"]
[EventType "swiss"]
[EventRounds "9"]
[EventCountry "USA"]
[SourceTitle "CB52_2023"]
[SourceDate "2023.12.27"]
[SourceVersion "1"]
[SourceVersionDate "2023.12.27"]
[SourceQuality "1"]

1. e4 c5 2. Nf3 e6 3. b3 a6 4. Bb2 Nc6 5. c4 Nge7 6. Nc3 Nd4 7. Nxd4 cxd4 8. Ne2 e5 9. g3 b5 10. Bg2 bxc4 11. bxc4 Nc6 12. 0-0 h5 13. Nc1 h4 14. Nd3 hxg3 15. fxg3 Qg5 16. Rf5 Qh6 17. Nxe5 Qxh2+ 18. Kf2 Bd6 19. Nxf7 Bxg3+ 20. Kf1 g6 21. Rf6 Bh4 22. Nd6+ Kd8 23. Nf7+ Kc7 24. Rf3 Rh7 25. Ba3 Be7 26. Bxe7 Nxe7 27. Qa4 Nc6 28. Rf6 Rb8 29. e5 Rb6 30. c5 Rb5 31. Re1 Rh4 32. Nd6 Rb4 33. Qa3 d3 34. Ne4 Rg4 35. Rf2 Qxe5 36. Nc3 Qxc5 37. Nd5+ Kb8 38. Nxb4 Nxb4 39. Qb2 Ka7 40. Re8 Rc4 41. Re1 Nc2 42. Re5 Qd6 43. Re8 Qc7 44. Qh8 Ne3+ 45. Kg1 Rc1+ 46. Rf1 Rxf1+ 47. Bxf1 Qg3+ 48. Kh1 Bb7+ 0-1

[Event "Chesterfield SPICE Cup op"]
[Site "Chesterfield"]
[Date "2023.12.18"]
[Round "3"]
[White "Vemparala, Nikash"]
[Black "Liu, Zachary Hankun"]
[Result "1-0"]
[WhiteElo "2192"]
[BlackElo "1993"]
[PlyCount "89"]
[EventDate "2023.12.17"]
[EventType "swiss"]
[EventRounds "9"]
[EventCountry "USA"]
[SourceTitle "CB52_2023"]
[SourceDate "2023.12.27"]
[SourceVersion "1"]
[SourceVersionDate "2023.12.27"]
[SourceQuality "1"]

1. e4 c5 2. Nf3 d6 3. d4 cxd4 4. Nxd4 Nf6 5. Nc3 g6 6. f3 Bg7 7. Be3 Nc6 8. Qd2 0-0 9. 0-0-0 Nxd4 10. Bxd4 Be6 11. Kb1 Qc7 12. h4 Rfc8 13. h5 Qa5 14. hxg6 fxg6 15. a3 Rab8 16. Qe3 Bc4 17. Bxc4+ Rxc4 18. Nd5 Nxd5 19. exd5 Rxd4 20. Rxd4 Bxd4 21. Qxd4 Rf8 22. Qe4 Qd8 23. Qe6+ Kg7 24. Qh3 h5 25. g4 Rh8 26. Re1 hxg4 27. Qxg4 Rf8 28. Qd4+ Rf6 29. Qxa7 Qc7 30. Qe3 Kf7 31. Qh6 Qd8 32. Qh7+ Ke8 33. Re6 Rxf3 34. Qxg6+ Kd7 35. Rxd6+ exd6 36. Qg4+ Kc7 37. Qxf3 Qe7 38. Ka2 Qe5 39. Qc3+ Qxc3 40. bxc3 Kb6 41. Kb3 Kc5 42. c4 Kd4 43. Kb4 b6 44. a4 Ke5 45. Kb5 1-0

[Event "Titled Tuesday intern op 01st Aug Early"]
[Site "Chess.com INT"]
[Date "2023.08.01"]
[Round "6"]
[White "Santos Flores, Alberto Javier"]
[Black "Vemparala, Nikash"]
[Result "1-0"]
[WhiteElo "2200"]
[BlackElo "2187"]
[PlyCount "85"]
[EventDate "2023.08.01"]
[EventType "swiss (blitz)"]
[EventRounds "11"]
[EventCountry "USA"]
[SourceTitle "EXT 2024"]
[Source "ChessBase"]
[SourceDate "2023.10.10"]
[SourceVersion "1"]
[SourceVersionDate "2023.10.10"]
[SourceQuality "1"]

1. e4 c5 2. Nf3 d6 3. Bb5+ Bd7 4. Bxd7+ Nxd7 5. c4 Ngf6 6. Nc3 g6 7. d4 cxd4 8. Nxd4 Bg7 9. Be3 0-0 10. f3 Rc8 11. b3 a6 12. Rc1 Qa5 13. Qd2 Rfd8 14. 0-0 e6 15. Rfd1 d5 16. Nxd5 exd5 17. Qxa5 dxe4 18. fxe4 Nxe4 19. Nf3 Bf6 20. Bd4 Be7 21. Qe1 f5 22. Nd2 Ndc5 23. Nxe4 Nxe4 24. Be3 Re8 25. Rd7 Bf6 26. Qb4 Ng5 27. Bd4 Bxd4+ 28. Rxd4 Ne6 29. Rd5 Nf4 30. Rcd1 Nxd5 31. cxd5 Rc2 32. Qh4 Ree2 33. Qg5 Kg7 34. d6 h6 35. Qg3 f4 36. Qxf4 Rxg2+ 37. Kh1 Rcf2 38. Qe5+ Kh7 39. d7 Rd2 40. Rxd2 Rxd2 41. Qe7+ Kg8 42. d8Q+ Rxd8 43. Qxd8+ 1-0

[Event "Titled Tuesday intern op 01st Aug Early"]
[Site "Chess.com INT"]
[Date "2023.08.01"]
[Round "2"]
[White "Vemparala, Nikash"]
[Black "Girya, Olga"]
[Result "1-0"]
[WhiteElo "2187"]
[BlackElo "2402"]
[PlyCount "75"]
[EventDate "2023.08.01"]
[EventType "swiss (blitz)"]
[EventRounds "11"]
[EventCountry "USA"]
[SourceTitle "EXT 2024"]
[Source "ChessBase"]
[SourceDate "2023.10.10"]
[SourceVersion "1"]
[SourceVersionDate "2023.10.10"]
[SourceQuality "1"]

1. e4 e5 2. Nf3 Nc6 3. d4 exd4 4. Nxd4 Nf6 5. Nxc6 bxc6 6. e5 Qe7 7. Qe2 Nd5 8. c4 Ba6 9. b3 g6 10. Bb2 Bg7 11. Nd2 0-0 12. 0-0-0 d6 13. Qe4 f5 14. exf6 Qxe4 15. Nxe4 Nxf6 16. Nxf6+ Bxf6 17. Bxf6 Rxf6 18. f3 Re8 19. Bd3 Rfe6 20. Be4 Bb7 21. h4 h6 22. h5 g5 23. Rd2 Kg7 24. Rhd1 Re5 25. g3 a5 26. Kb2 Rd8 27. Kc3 Ba8 28. Bc2 c5 29. f4 Re3+ 30. Rd3 Rde8 31. fxg5 hxg5 32. Rf1 Rxd3+ 33. Bxd3 Re3 34. Kd2 Rxg3 35. h6+ Kxh6 36. Rf7 Rg2+ 37. Kc3 Rxa2 38. Rh7# 1-0

[Event "Titled Tuesday intern op 25th Jul Early"]
[Site "Chess.com INT"]
[Date "2023.07.25"]
[Round "10"]
[White "Vemparala, Nikash"]
[Black "Ladan, Nicholas John"]
[Result "1-0"]
[WhiteElo "2096"]
[BlackElo "2260"]
[PlyCount "111"]
[EventDate "2023.07.25"]
[EventType "swiss (blitz)"]
[EventRounds "11"]
[EventCountry "USA"]
[SourceTitle "EXT 2024"]
[Source "ChessBase"]
[SourceDate "2023.10.10"]
[SourceVersion "1"]
[SourceVersionDate "2023.10.10"]
[SourceQuality "1"]

1. e4 b6 2. d4 Bb7 3. Nc3 e6 4. f3 Bb4 5. Nge2 d5 6. exd5 Qxd5 7. a3 Bxc3+ 8. Nxc3 Qh5 9. Be3 Nf6 10. Qd2 Nd5 11. Nxd5 Qxd5 12. c4 Qd7 13. Be2 0-0 14. Kf1 Rd8 15. Kf2 c5 16. Rhd1 Nc6 17. dxc5 Qxd2 18. Rxd2 Rxd2 19. Bxd2 bxc5 20. Be3 Nd4 21. Rd1 e5 22. Bxd4 cxd4 23. Bd3 g6 24. b4 f5 25. c5 Rc8 26. Re1 Re8 27. Bc4+ Kg7 28. b5 e4 29. c6 Bc8 30. Rd1 d3 31. Ke3 Kf6 32. fxe4 fxe4 33. a4 Ke5 34. a5 Kd6 35. Rf1 Kc5 36. Rc1 Kd6 37. b6 d2 38. Kxd2 e3+ 39. Ke1 axb6 40. axb6 Re7 41. b7 Bxb7 42. cxb7 Rxb7 43. Rc2 Ke5 44. Ke2 Kd4 45. Bd3 Rf7 46. Rc4+ Ke5 47. Kxe3 Ra7 48. Re4+ Kf6 49. Rf4+ Kg5 50. h4+ Kh6 51. g3 Ra3 52. Rd4 Kh5 53. Kf4 Kh6 54. Rd7 Ra4+ 55. Be4 Rb4 56. g4 1-0

[Event "Titled Tuesday intern op 25th Jul Early"]
[Site "Chess.com INT"]
[Date "2023.07.25"]
[Round "7"]
[White "Vemparala, Nikash"]
[Black "Rian, Kapriaga"]
[Result "1-0"]
[WhiteElo "2096"]
[BlackElo "2089"]
[PlyCount "139"]
[EventDate "2023.07.25"]
[EventType "swiss (blitz)"]
[EventRounds "11"]
[EventCountry "USA"]
[SourceTitle "EXT 2024"]
[Source "ChessBase"]
[SourceDate "2023.10.10"]
[SourceVersion "1"]
[SourceVersionDate "2023.10.10"]
[SourceQuality "1"]

1. e4 c6 2. Nf3 d5 3. Nc3 Bg4 4. h3 Bxf3 5. Qxf3 Nf6 6. exd5 cxd5 7. d4 Nc6 8. Bb5 e6 9. 0-0 Be7 10. Bf4 0-0 11. Bxc6 bxc6 12. Ne2 c5 13. c3 Qb6 14. b3 a5 15. Be5 Rfc8 16. dxc5 Qxc5 17. Bd4 Qc7 18. Ng3 a4 19. Rae1 axb3 20. axb3 Ra3 21. Nh5 Nxh5 22. Qxh5 Rxb3 23. Qg4 Bf8 24. Re3 g6 25. Be5 Qc4 26. Qg5 Bg7 27. Bxg7 Kxg7 28. Rf3 Qc7 29. Qf6+ Kg8 30. h4 Rxc3 31. Rf4 Rc1 32. Rxc1 Qxc1+ 33. Kh2 Qc7 34. h5 gxh5 35. g3 Kf8 36. Qxe6 Re8 37. Qxd5 Qe7 38. Qxh5 Kg8 39. Rg4+ Kh8 40. Qh6 f6 41. Rh4 Rf8 42. Rf4 Qg7 43. Qxg7+ Kxg7 44. Kg2 Re8 45. Kf3 Re5 46. Ra4 Kg6 47. g4 Rg5 48. Ra7 Rb5 49. Ra8 Rb4 50. Rg8+ Kf7 51. Ra8 Kg7 52. Kg3 Kg6 53. f3 h5 54. Rg8+ Kf7 55. Rh8 hxg4 56. fxg4 Kg7 57. Ra8 Kh6 58. Ra6 Kg7 59. Ra5 Kg6 60. Rc5 Ra4 61. Rb5 Rc4 62. Kh4 Ra4 63. Rc5 Rb4 64. Ra5 Rd4 65. Ra8 Rb4 66. Ra6 Kf7 67. Kh5 Rb5+ 68. Kh6 Rg5 69. Ra7+ Ke6 70. Rg7 1-0

[Event "Piestany op-A"]
[Site "Piestany"]
[Date "2023.07.19"]
[Round "9"]
[White "Vemparala, Nikash"]
[Black "Rudzinska, Michalina"]
[Result "1-0"]
[WhiteElo "2096"]
[BlackElo "2257"]
[PlyCount "113"]
[EventDate "2023.07.11"]
[EventType "swiss"]
[EventRounds "9"]
[EventCountry "SVK"]
[SourceTitle "EXT 2024"]
[Source "ChessBase"]
[SourceDate "2023.10.10"]
[SourceVersion "1"]
[SourceVersionDate "2023.10.10"]
[SourceQuality "1"]

1. e4 c5 2. Nf3 e6 3. b3 Nc6 4. Bb2 d6 5. d4 cxd4 6. Nxd4 e5 7. Ne2 Nf6 8. Nbc3 Be7 9. g3 Bg4 10. Bg2 Qc8 11. h3 Bh5 12. Qd2 a6 13. Nd5 Nxd5 14. exd5 Nb8 15. f4 f6 16. fxe5 fxe5 17. 0-0 Bg6 18. c4 Nd7 19. Rae1 Nf6 20. Qe3 0-0 21. Nd4 Nd7 22. Ne6 Rxf1+ 23. Rxf1 b6 24. h4 Nc5 25. Bh3 Kh8 26. Kh2 Nxe6 27. Bxe6 Qc5 28. Qf3 h6 29. h5 Bh7 30. Qf7 Qe3 31. Bc1 Qd3 32. Rf2 Qd4 33. Rf3 Be4 34. Bxh6 gxh6 35. Qxe7 Qd2+ 36. Kh3 Qg5 37. Qxg5 hxg5 38. Re3 Bb1 39. Kg4 Bxa2 40. Kxg5 Rf8 41. Bf5 a5 42. Rc3 Re8 43. g4 e4 44. Re3 a4 45. bxa4 Bxc4 46. Rxe4 Rg8+ 47. Kh6 Bxd5 48. Rd4 Bb3 49. Rxd6 Bxa4 50. Rxb6 Rf8 51. Rb7 Rf6+ 52. Bg6 Rf8 53. g5 Bc6 54. Rc7 Bd5 55. Bd3 Kg8 56. Bh7+ Kh8 57. g6 1-0

[Event "Titled Tuesday intern op 04th Apr Late"]
[Site "Chess.com INT"]
[Date "2023.04.04"]
[Round "1"]
[White "Vemparala, Nikash"]
[Black "Ehlvest, Jaan"]
[Result "0-1"]
[WhiteElo "2100"]
[BlackElo "2530"]
[PlyCount "102"]
[EventDate "2023.04.04"]
[EventType "swiss (blitz)"]
[EventRounds "11"]
[EventCountry "USA"]
[SourceTitle "EXT 2024"]
[Source "ChessBase"]
[SourceDate "2023.10.10"]
[SourceVersion "1"]
[SourceVersionDate "2023.10.10"]
[SourceQuality "1"]

1. e4 c5 2. Nf3 Nc6 3. Bb5 g6 4. Bxc6 dxc6 5. 0-0 Bg7 6. d3 e5 7. h3 Qe7 8. Nc3 Nf6 9. Be3 Nd7 10. Qd2 h6 11. Nh2 Nf8 12. f4 exf4 13. Bxf4 Ne6 14. Be3 Nd4 15. Rae1 Be6 16. a4 0-0-0 17. a5 c4 18. a6 b6 19. Qf2 Qb4 20. Rb1 Rhe8 21. Rfd1 f5 22. Nf3 cxd3 23. cxd3 g5 24. e5 Nxf3+ 25. Qxf3 Bd7 26. Rbc1 Kb8 27. Nd5 Qb5 28. Nf6 Rxe5 29. Nxd7+ Rxd7 30. Bf2 Red5 31. d4 f4 32. Qe4 Qxa6 33. Qe8+ Qc8 34. Qxc8+ Kxc8 35. Rxc6+ Kb7 36. Rdc1 Bxd4 37. Bxd4 Rxd4 38. Rxh6 Rd2 39. b4 Rb2 40. Rg6 Rxb4 41. Rxg5 a5 42. h4 a4 43. h5 a3 44. h6 a2 45. Rg7 Rxg7 46. hxg7 Rb1 47. g8Q Rxc1+ 48. Kh2 a1Q 49. Qd5+ Rc6 50. Qd7+ Rc7 51. Qd5+ Ka7 0-1

[Event "Titled Tuesday intern op 04th Apr Late"]
[Site "Chess.com INT"]
[Date "2023.04.04"]
[Round "2"]
[White "Vemparala, Nikash"]
[Black "Shapiro, Viktor"]
[Result "0-1"]
[WhiteElo "2100"]
[BlackElo "2192"]
[PlyCount "88"]
[EventDate "2023.04.04"]
[EventType "swiss (blitz)"]
[EventRounds "11"]
[EventCountry "USA"]
[SourceTitle "EXT 2024"]
[Source "ChessBase"]
[SourceDate "2023.10.10"]
[SourceVersion "1"]
[SourceVersionDate "2023.10.10"]
[SourceQuality "1"]

1. e4 Nf6 2. e5 Nd5 3. d4 d6 4. Nf3 Bg4 5. Be2 e6 6. 0-0 Be7 7. c4 Nb6 8. Nc3 0-0 9. Be3 N8d7 10. h3 Bxf3 11. gxf3 dxe5 12. dxe5 Nxe5 13. b3 c6 14. f4 Ng6 15. Kh1 Qc7 16. Qd4 Bf6 17. Qd2 Rad8 18. Qc2 Nxf4 19. Bg4 Bd4 20. Rad1 Bxe3 21. fxe3 Ng6 22. Ne4 Qe5 23. Rxd8 Rxd8 24. Bf3 f5 25. Ng5 h6 26. Bh5 Nh8 27. Nf3 Qf6 28. Qg2 g6 29. Rg1 Kh7 30. Nh4 Rg8 31. Qg3 Rg7 32. Be2 Nd7 33. Bd3 Ne5 34. Bc2 Nhf7 35. Rf1 Qg5 36. Qf2 Rg8 37. Rg1 Qf6 38. Ng2 g5 39. Ne1 Kh8 40. Nf3 Nxf3 41. Qxf3 Qc3 42. Qh5 Rg7 43. Rxg5 Rxg5 44. Qxf7 Qe1+ 0-1

[Event "Titled Tuesday intern op 28th Mar Late"]
[Site "Chess.com INT"]
[Date "2023.03.28"]
[Round "6"]
[White "Vemparala, Nikash"]
[Black "Stead, Kerry"]
[Result "1-0"]
[WhiteElo "2100"]
[BlackElo "1908"]
[PlyCount "49"]
[EventDate "2023.03.28"]
[EventType "swiss (blitz)"]
[EventRounds "11"]
[EventCountry "USA"]
[SourceTitle "EXT 2024"]
[Source "ChessBase"]
[SourceDate "2023.10.10"]
[SourceVersion "1"]
[SourceVersionDate "2023.10.10"]
[SourceQuality "1"]

1. e4 d5 2. exd5 Nf6 3. Bb5+ Nbd7 4. Nf3 a6 5. Be2 Nxd5 6. d4 N7f6 7. c4 Nb6 8. Nc3 Bg4 9. b3 e6 10. Bb2 c5 11. dxc5 Bxc5 12. 0-0 0-0 13. h3 Bf5 14. Qxd8 Rfxd8 15. Rfd1 Nbd7 16. Rac1 Nf8 17. Na4 Be7 18. Nb6 Rab8 19. Be5 Rxd1+ 20. Rxd1 Re8 21. g4 Be4 22. Nd2 Bc6 23. Bf3 Ng6 24. Bxc6 bxc6 25. f4 1-0

[Event "Los Angeles 1000GM IM 02"]
[Site "Los Angeles"]
[Date "2023.02.24"]
[Round "5"]
[White "Mahajan, Rushaan"]
[Black "Vemparala, Nikash"]
[Result "1/2-1/2"]
[WhiteElo "2317"]
[BlackElo "2230"]
[PlyCount "92"]
[EventDate "2023.02.22"]
[EventType "tourn"]
[EventRounds "9"]
[EventCountry "USA"]
[EventCategory "3"]
[SourceTitle "CBM 213 Extra"]
[Source "ChessBase"]
[SourceDate "2023.05.31"]
[SourceVersion "1"]
[SourceVersionDate "2023.05.31"]
[SourceQuality "1"]

1. d4 d5 2. c4 c6 3. Nf3 Nf6 4. e3 e6 5. Bd3 Nbd7 6. 0-0 Bd6 7. Nc3 dxc4 8. Bxc4 b5 9. Bd3 b4 10. Na4 0-0 11. Qc2 Bb7 12. Bd2 Qe7 13. Rac1 e5 14. dxe5 Nxe5 15. Nxe5 Qxe5 16. f4 Qd5 17. Qc4 Qxc4 18. Rxc4 Rfd8 19. Bxb4 Ba6 20. Rxc6 Bxd3 21. Rxd6 Bxf1 22. Kxf1 Ng4 23. Rxd8+ Rxd8 24. Ke2 Nxh2 25. Bc5 Ng4 26. Nc3 a6 27. a4 Nf6 28. b4 Nd5 29. Nxd5 Rxd5 30. e4 Rd7 31. e5 g5 32. fxg5 Kg7 33. Ke3 Kg6 34. Ke4 Kxg5 35. b5 axb5 36. axb5 f5+ 37. exf6 Kxf6 38. Be3 Ke6 39. g4 Kf6 40. b6 Ke6 41. Bf4 Rg7 42. g5 Rf7 43. Bg3 Rg7 44. Bf4 Rf7 45. Bh2 Rg7 46. Bf4 Rf7 1/2-1/2

[Event "Los Angeles 1000GM IM 02"]
[Site "Los Angeles"]
[Date "2023.02.23"]
[Round "4"]
[White "Vemparala, Nikash"]
[Black "Nagy, Gabor"]
[Result "0-1"]
[WhiteElo "2230"]
[BlackElo "2495"]
[PlyCount "60"]
[EventDate "2023.02.22"]
[EventType "tourn"]
[EventRounds "9"]
[EventCountry "USA"]
[EventCategory "3"]
[SourceTitle "CBM 213 Extra"]
[Source "ChessBase"]
[SourceDate "2023.05.31"]
[SourceVersion "1"]
[SourceVersionDate "2023.05.31"]
[SourceQuality "1"]

1. e4 c5 2. Nf3 e6 3. g3 Nc6 4. Bg2 Nf6 5. Qe2 e5 6. 0-0 Be7 7. c3 0-0 8. Rd1 Re8 9. d4 cxd4 10. cxd4 exd4 11. Nxd4 Nxd4 12. Rxd4 Bc5 13. Rd1 d5 14. Qb5 Bg4 15. Qxc5 Bxd1 16. Nc3 dxe4 17. Bg5 Bf3 18. Re1 Bxg2 19. Kxg2 h6 20. Rd1 Nd7 21. Qb5 Qxg5 22. Qxd7 e3 23. fxe3 Qxe3 24. Rf1 Qe6 25. Qxb7 Reb8 26. Qf3 Rxb2+ 27. Kh1 Rd8 28. Na4 Rxa2 29. Nc5 Qd5 30. Ne4 f5 0-1